Statistics for 2018-19 St. Louis Blues

Click here to take the quiz!

General Stats

  • This quiz has been taken 19 times
  • The average score is 18 of 35

Answer Stats

Position Player % Correct
GJordan Binnington
100%
GJake Allen
94%
DAlex Pietrangelo
94%
RWVladimir Tarasenko
88%
CRyan O'Reilly
81%
Coach (interim)Craig Berube
81%
CBrayden Schenn
69%
LWPat Maroon
69%
LWDavid Perron
69%
DColton Parayko
63%
DJoel Edmundson
63%
DRobert Bortuzzo
56%
CAlexander Steen
56%
Coach (fired)Mike Yeo
56%
DJay Bouwmeester
56%
CTyler Bozak
50%
DVince Dunn
50%
CJaden Schwartz
50%
LWSammy Blais
50%
LWZach Sanford
44%
CRobert Thomas
44%
COskar Sundqvist
44%
DCarl Gunnarson
44%
GChad Johnson
44%
CIvan Barbashev
38%
CRobby Fabbri
38%
DMicahel Del Zotto
31%
LWMackenzie MacEachern
31%
RWChris Thorburn
25%
CJordan Kyrou
19%
DJordan Schmaltz
19%
CJordan Nolan
19%
DJakub Jerabek
19%
DChris Butler
19%
RWNikita Soshnikov
13%

Score Distribution

Percentile by Number Answered

Percent of People with Each Score

Your Score History

You have not taken this quiz